000 00830cab a2200217 4500
001 L136367
008 070129n2007 000 0 eng u
035 _a(Sirsi) u136367
041 0 _aeng
100 1 _aMcAllister, Sean
245 0 0 _aRegional
_bNorth-east
260 _c2007
490 0 _aProperty Week
_v72(4) 26 January 2007, 97-111(8)
520 _aDiscusses the development of a commercial, residential and leisure site on the waterfront at Middlehaven, how Peterlee has attracted considerable investment from the private sector for its regeneration and plans to turn the Port of Tyne into a North Sea cruise destination.
590 _aKA
651 4 _aNORTH EAST ENGLAND
690 _aPROPERTY-COMMERCIAL PROPERTY-COMMERCIAL PROPERTY MARKET
700 1 _aHodgekiss, Anna
700 1 _aGoldie, Anna
942 _n0
999 _c78258
_d78258